[Event "FRA-chT 9900"]
[Site "France"]
[Date "2000.04.29"]
[EventDate "?"]
[Round "9.2"]
[Result "1-0"]
[White "Guenther Beikert"]
[Black "Narciso Dublan, Marc"]
[WhiteElo "2425"]
[BlackElo "2468"]
[PlyCount "110"]

1. e4 e5 2. Nf3 Nc6 3. Bb5 Nf6 4. O-O Nxe4 5. d4 Nd6 6. Bxc6 dxc6 7. dxe5 Nf5  8. Qxd8+ Kxd8 9. Rd1+ Ke8 10. Bd2 Ne7 11. Nd4 Ng6 12. Bc3 Be7 13. Re1 c5 14.  Ne2 Be6 15. Nd2 Kd7 16. Nf1 Kc6 17. f4 Nh4 18. Ne3 b5 19. b3 Rhd8 20. Kf2 h5  21. Ng3 g6 22. h3 Nf5 23. Nexf5 gxf5 24. Nxh5 b4 25. Bb2 c4 26. Rad1 Bc5+ 27.  Kf1 Rg8 28. Bd4 a5 29. Bxc5 Kxc5 30. Re3 a4 31. Nf6 Rh8 32. Rd2 c3 33. Rd1 axb3  34. axb3 Ra2 35. Rc1 Rd8 36. h4 Rd2 37. h5 Raxc2 38. Rxc2 Rxc2 39. h6 Kd4 40.  Re1 Rd2 41. h7 c2 42. h8=Q Kc3 43. Qa8 Kxb3 44. Qa1 Bc4+ 45. Kg1 Be2 46. Rc1 c5  47. Ne8 Bb5 48. Nd6 Bc6 49. Nxf5 Rxg2+ 50. Kf1 Rg4 51. Rxc2 Bb5+ 52. Kf2 Kxc2  53. Ne3+ Kd3 54. Nxg4 c4 55. Qb1+ 1-0